[Event "21th Rochefort Chess Festival - Masters"]
[Site "Rochefort, France"]
[Date "2023.02.17"]
[Round "9.3"]
[White "Degraeve, Remy"]
[Black "Ghazarian, Kirk"]
[Result "0-1"]
[TimeControl "1h30 + [30'']"]
[WhiteElo "2428"]
[BlackElo "2471"]

1. e4 {[%clk 01:30:56]} {[%emt 00:00:03]} e5 {[%clk 01:30:47]} {[%emt
00:00:13]} 2. Nf3 {[%clk 01:31:20]} {[%emt 00:00:05]} Nc6 {[%clk 01:31:07]}
{[%emt 00:00:11]} 3. Bc4 {[%clk 01:31:47]} {[%emt 00:00:04]} Bc5 {[%clk
01:31:20]} {[%emt 00:00:16]} 4. c3 {[%clk 01:32:06]} {[%emt 00:00:11]} Nf6
{[%clk 01:31:34]} {[%emt 00:00:17]} 5. d3 {[%clk 01:32:33]} {[%emt 00:00:03]}
d6 {[%clk 01:31:47]} {[%emt 00:00:17]} 6. O-O {[%clk 01:32:57]} {[%emt
00:00:06]} a5 {[%clk 01:32:03]} {[%emt 00:00:15]} 7. Re1 {[%clk 01:33:19]}
{[%emt 00:00:08]} h6 {[%clk 01:31:41]} {[%emt 00:00:53]} 8. Bb3 {[%clk
01:19:37]} {[%emt 00:14:12]} O-O {[%clk 01:31:29]} {[%emt 00:00:42]} 9. d4
{[%clk 01:19:42]} {[%emt 00:00:25]} Bb6 {[%clk 01:31:05]} {[%emt 00:00:54]} 10.
h3 {[%clk 01:20:07]} {[%emt 00:00:04]} Re8 {[%clk 01:23:57]} {[%emt 00:07:39]}
11. Bc2 {[%clk 01:20:27]} {[%emt 00:00:10]} exd4 {[%clk 01:22:35]} {[%emt
00:01:52]} 12. cxd4 {[%clk 01:20:52]} {[%emt 00:00:04]} Nb4 {[%clk 01:22:20]}
{[%emt 00:00:46]} 13. Nc3 {[%clk 01:21:18]} {[%emt 00:00:04]} Nxc2 {[%clk
01:11:30]} {[%emt 00:11:21]} 14. Qxc2 {[%clk 01:21:41]} {[%emt 00:00:05]} d5
{[%clk 01:11:34]} {[%emt 00:00:27]} 15. e5 {[%clk 01:22:05]} {[%emt 00:00:06]}
Ne4 {[%clk 01:11:32]} {[%emt 00:00:32]} 16. Be3 {[%clk 01:21:22]} {[%emt
00:01:13]} Bf5 {[%clk 01:01:23]} {[%emt 00:10:40]} 17. Nd2 {[%clk 01:19:33]}
{[%emt 00:02:20]} Nxd2 {[%clk 01:00:41]} {[%emt 00:01:12]} 18. Qxd2 {[%clk
01:18:04]} {[%emt 00:01:59]} c6 {[%clk 00:57:08]} {[%emt 00:04:02]} 19. Rad1
{[%clk 01:15:22]} {[%emt 00:03:13]} f6 {[%clk 00:54:03]} {[%emt 00:03:35]} 20.
f4 {[%clk 01:15:35]} {[%emt 00:00:17]} Bh7 {[%clk 00:46:23]} {[%emt 00:08:10]}
21. g4 {[%clk 01:11:11]} {[%emt 00:04:54]} fxe5 {[%clk 00:42:51]} {[%emt
00:04:02]} 22. dxe5 {[%clk 01:11:29]} {[%emt 00:00:12]} g5 {[%clk 00:42:22]}
{[%emt 00:00:59]} 23. f5 {[%clk 00:30:44]} {[%emt 00:41:15]} Rxe5 {[%clk
00:40:31]} {[%emt 00:02:21]} 24. Kg2 {[%clk 00:31:12]} {[%emt 00:00:03]} Bxe3
{[%clk 00:29:07]} {[%emt 00:11:54]} 25. Rxe3 {[%clk 00:31:36]} {[%emt
00:00:05]} Rxe3 {[%clk 00:29:16]} {[%emt 00:00:22]} 26. Qxe3 {[%clk 00:32:02]}
{[%emt 00:00:03]} Qe8 {[%clk 00:28:46]} {[%emt 00:01:01]} 27. Qb6 {[%clk
00:30:35]} {[%emt 00:01:57]} h5 {[%clk 00:27:45]} {[%emt 00:01:31]} 28. Rd2
{[%clk 00:28:21]} {[%emt 00:02:45]} hxg4 {[%clk 00:23:25]} {[%emt 00:04:51]} 29.
hxg4 {[%clk 00:28:43]} {[%emt 00:00:07]} Qe7 {[%clk 00:14:43]} {[%emt
00:09:11]} 30. a3 {[%clk 00:24:37]} {[%emt 00:04:36]} Re8 {[%clk 00:14:37]}
{[%emt 00:00:35]} 31. Re2 {[%clk 00:24:28]} {[%emt 00:00:39]} Qd7 {[%clk
00:13:23]} {[%emt 00:01:44]} 32. Rxe8+ {[%clk 00:24:53]} {[%emt 00:00:05]} Qxe8
{[%clk 00:13:50]} {[%emt 00:00:03]} 33. Qxb7 {[%clk 00:22:59]} {[%emt
00:02:25]} d4 {[%clk 00:13:26]} {[%emt 00:00:54]} 34. Qb3+ {[%clk 00:08:54]}
{[%emt 00:14:35]} Kf8 {[%clk 00:09:28]} {[%emt 00:04:28]} 35. Nd1 {[%clk
00:08:54]} {[%emt 00:00:30]} Bg8 {[%clk 00:09:25]} {[%emt 00:00:34]} 36. Qd3
{[%clk 00:09:18]} {[%emt 00:00:06]} Bd5+ {[%clk 00:09:14]} {[%emt 00:00:41]} 37.
Kf1 {[%clk 00:09:02]} {[%emt 00:00:46]} Qe5 {[%clk 00:08:12]} {[%emt 00:01:32]}
38. Nf2 {[%clk 00:08:00]} {[%emt 00:01:32]} Qf4 {[%clk 00:08:08]} {[%emt
00:00:34]} 39. Qc2 {[%clk 00:02:53]} {[%emt 00:05:38]} d3 {[%clk 00:04:16]}
{[%emt 00:04:22]} 40. Qc3 {[%clk 00:01:02]} {[%emt 00:02:21]} d2 {[%clk
00:01:36]} {[%emt 00:03:10]} 41. Ke2 {[%clk 00:23:48]} {[%emt 00:07:43]} Qxf2+
{[%clk 00:31:59]} {[%emt 00:00:08]} 42. Kxf2 {[%clk 00:24:16]} {[%emt
00:00:02]} d1=N+ {[%clk 00:32:19]} {[%emt 00:00:10]} 0-1

[Event "21th Rochefort Chess Festival - Masters"]
[Site "Rochefort, France"]
[Date "2023.02.17"]
[Round "9.4"]
[White "Larkin, Vladyslav"]
[Black "Duboue, Peio"]
[Result "0-1"]
[TimeControl "1h30 + [30'']"]
[WhiteElo "2441"]
[BlackElo "2441"]

1. c4 {[%clk 01:24:25]} {[%emt 00:06:35]} e5 {[%clk 01:26:46]} {[%emt
00:04:14]} 2. e3 {[%clk 01:24:41]} {[%emt 00:00:15]} Nf6 {[%clk 01:25:57]}
{[%emt 00:01:20]} 3. a3 {[%clk 01:24:59]} {[%emt 00:00:13]} c6 {[%clk
01:25:12]} {[%emt 00:01:14]} 4. Nf3 {[%clk 01:24:55]} {[%emt 00:00:33]} e4
{[%clk 01:24:48]} {[%emt 00:00:53]} 5. Nd4 {[%clk 01:25:19]} {[%emt 00:00:05]}
d5 {[%clk 01:23:55]} {[%emt 00:01:24]} 6. cxd5 {[%clk 01:25:32]} {[%emt
00:00:18]} cxd5 {[%clk 01:24:19]} {[%emt 00:00:06]} 7. d3 {[%clk 01:25:59]}
{[%emt 00:00:03]} Bc5 {[%clk 01:23:35]} {[%emt 00:01:13]} 8. Nc3 {[%clk
01:24:24]} {[%emt 00:02:05]} O-O {[%clk 01:23:18]} {[%emt 00:00:47]} 9. Be2
{[%clk 01:21:42]} {[%emt 00:03:13]} Qe7 {[%clk 01:17:38]} {[%emt 00:06:09]} 10.
O-O {[%clk 01:21:23]} {[%emt 00:00:49]} Nc6 {[%clk 01:17:31]} {[%emt 00:00:37]}
11. Nxc6 {[%clk 01:03:28]} {[%emt 00:18:25]} bxc6 {[%clk 01:17:57]} {[%emt
00:00:03]} 12. d4 {[%clk 01:03:50]} {[%emt 00:00:09]} Bd6 {[%clk 01:17:55]}
{[%emt 00:00:32]} 13. Na4 {[%clk 01:04:03]} {[%emt 00:00:17]} h5 {[%clk
01:13:42]} {[%emt 00:04:43]} 14. Bd2 {[%clk 01:03:42]} {[%emt 00:00:51]} Ng4
{[%clk 01:09:35]} {[%emt 00:04:36]} 15. h3 {[%clk 01:02:02]} {[%emt 00:02:11]}
Nh2 {[%clk 00:59:50]} {[%emt 00:10:15]} 16. Re1 {[%clk 00:58:33]} {[%emt
00:03:59]} Qg5 {[%clk 00:47:38]} {[%emt 00:12:42]} 17. Kh1 {[%clk 00:58:50]}
{[%emt 00:00:13]} Qh4 {[%clk 00:34:22]} {[%emt 00:13:46]} 18. Bb4 {[%clk
00:57:46]} {[%emt 00:01:34]} Bc7 {[%clk 00:34:47]} {[%emt 00:00:05]} 19. Rg1
{[%clk 00:48:01]} {[%emt 00:10:15]} Ng4 {[%clk 00:24:11]} {[%emt 00:11:05]} 20.
Bxg4 {[%clk 00:48:02]} {[%emt 00:00:30]} hxg4 {[%clk 00:22:20]} {[%emt
00:02:20]} 21. Qe1 {[%clk 00:38:28]} {[%emt 00:10:05]} Re8 {[%clk 00:21:13]}
{[%emt 00:01:37]} 22. Rc1 {[%clk 00:31:13]} {[%emt 00:07:44]} Re6 {[%clk
00:20:44]} {[%emt 00:00:59]} 23. Ba5 {[%clk 00:31:39]} {[%emt 00:00:05]} Bb8
{[%clk 00:19:03]} {[%emt 00:02:11]} 24. f4 {[%clk 00:29:43]} {[%emt 00:02:26]}
g3 {[%clk 00:18:51]} {[%emt 00:00:42]} 25. Rf1 {[%clk 00:27:21]} {[%emt
00:02:52]} Rh6 {[%clk 00:16:58]} {[%emt 00:02:23]} 26. f5 {[%clk 00:27:09]}
{[%emt 00:00:42]} g5 {[%clk 00:16:15]} {[%emt 00:01:13]} 27. Bd8 {[%clk
00:24:57]} {[%emt 00:02:43]} Qh5 {[%clk 00:12:59]} {[%emt 00:03:46]} 28. Qd1
{[%clk 00:24:19]} {[%emt 00:01:08]} g4 {[%clk 00:12:16]} {[%emt 00:01:12]} 29.
Kg1 {[%clk 00:15:25]} {[%emt 00:09:24]} Bxf5 {[%clk 00:12:28]} {[%emt
00:00:18]} 30. Rxf5 {[%clk 00:15:50]} {[%emt 00:00:05]} Qxf5 {[%clk 00:12:54]}
{[%emt 00:00:04]} 31. Qxg4+ {[%clk 00:16:17]} {[%emt 00:00:03]} Qxg4 {[%clk
00:13:21]} {[%emt 00:00:04]} 32. hxg4 {[%clk 00:16:42]} {[%emt 00:00:05]} Bf4
{[%clk 00:10:39]} {[%emt 00:03:11]} 33. exf4 {[%clk 00:16:39]} {[%emt
00:00:33]} Rxd8 {[%clk 00:11:05]} {[%emt 00:00:03]} 34. Nc3 {[%clk 00:17:05]}
{[%emt 00:00:05]} Rh4 {[%clk 00:09:25]} {[%emt 00:02:10]} 35. Ne2 {[%clk
00:17:22]} {[%emt 00:00:13]} Rb8 {[%clk 00:07:52]} {[%emt 00:02:03]} 36. Nxg3
{[%clk 00:17:18]} {[%emt 00:00:34]} Rxg4 {[%clk 00:07:18]} {[%emt 00:01:04]} 37.
Nh5 {[%clk 00:17:29]} {[%emt 00:00:19]} Rg6 {[%clk 00:07:07]} {[%emt 00:00:41]}
38. b4 {[%clk 00:17:12]} {[%emt 00:00:48]} f5 {[%clk 00:06:24]} {[%emt
00:01:12]} 39. Rc3 {[%clk 00:17:22]} {[%emt 00:00:20]} Kf7 {[%clk 00:06:05]}
{[%emt 00:00:49]} 40. Ng3 {[%clk 00:16:33]} {[%emt 00:01:20]} Rbg8 {[%clk
00:06:04]} {[%emt 00:00:31]} 41. Kh2 {[%clk 00:16:51]} {[%emt 00:00:12]} Rh8+
{[%clk 00:04:16]} {[%emt 00:02:18]} 42. Kg1 {[%clk 00:17:13]} {[%emt 00:00:08]}
Rhg8 {[%clk 00:04:44]} {[%emt 00:00:02]} 43. Kh2 {[%clk 00:16:03]} {[%emt
00:01:40]} Ke8 {[%clk 00:03:06]} {[%emt 00:02:08]} 44. a4 {[%clk 00:15:17]}
{[%emt 00:01:16]} a6 {[%clk 00:03:10]} {[%emt 00:00:26]} 45. Nxf5 {[%clk
00:13:22]} {[%emt 00:02:26]} Rxg2+ {[%clk 00:03:35]} {[%emt 00:00:05]} 46. Kh3
{[%clk 00:13:49]} {[%emt 00:00:03]} R2g6 {[%clk 00:01:56]} {[%emt 00:02:08]} 47.
Ng3 {[%clk 00:13:41]} {[%emt 00:00:38]} Kd7 {[%clk 00:28:40]} {[%emt 00:03:47]}
48. a5 {[%clk 00:43:28]} {[%emt 00:00:44]} Rxg3+ {[%clk 00:21:51]} {[%emt
00:07:19]} 49. Rxg3 {[%clk 00:43:49]} {[%emt 00:00:09]} Rxg3+ {[%clk 00:22:19]}
{[%emt 00:00:02]} 50. Kxg3 {[%clk 00:44:12]} {[%emt 00:00:07]} Ke6 {[%clk
00:22:47]} {[%emt 00:00:01]} 51. Kg4 {[%clk 00:43:30]} {[%emt 00:01:12]} Kf6
{[%clk 00:23:14]} {[%emt 00:00:03]} 0-1

[Event "21th Rochefort Chess Festival - Masters"]
[Site "Rochefort, France"]
[Date "2023.02.17"]
[Round "9.5"]
[White "Viani Antonio Dcunha"]
[Black "Sasikiran, Krishnan"]
[Result "1/2-1/2"]
[TimeControl "1h30 + [30'']"]
[WhiteElo "2377"]
[BlackElo "2619"]

1. e4 {[%clk 01:30:47]} {[%emt 00:00:11]} g6 {[%clk 01:29:03]} {[%emt
00:01:58]} 2. d4 {[%clk 01:30:54]} {[%emt 00:00:22]} Bg7 {[%clk 01:29:23]}
{[%emt 00:00:09]} 3. Nc3 {[%clk 01:31:04]} {[%emt 00:00:20]} c6 {[%clk
01:29:26]} {[%emt 00:00:28]} 4. f4 {[%clk 01:29:28]} {[%emt 00:02:07]} Qb6
{[%clk 01:28:53]} {[%emt 00:01:02]} 5. Nf3 {[%clk 01:26:20]} {[%emt 00:03:38]}
d5 {[%clk 01:29:04]} {[%emt 00:00:19]} 6. e5 {[%clk 01:25:46]} {[%emt
00:01:05]} Bg4 {[%clk 01:28:33]} {[%emt 00:01:01]} 7. Be2 {[%clk 01:24:13]}
{[%emt 00:02:02]} Nh6 {[%clk 01:27:23]} {[%emt 00:01:40]} 8. Na4 {[%clk
01:17:38]} {[%emt 00:07:05]} Qa5+ {[%clk 01:25:47]} {[%emt 00:02:05]} 9. c3
{[%clk 01:17:16]} {[%emt 00:00:52]} Nd7 {[%clk 01:25:44]} {[%emt 00:00:33]} 10.
b4 {[%clk 01:16:41]} {[%emt 00:01:05]} Qc7 {[%clk 01:24:50]} {[%emt 00:01:24]}
11. O-O {[%clk 01:13:27]} {[%emt 00:03:44]} e6 {[%clk 01:18:34]} {[%emt
00:06:46]} 12. Be3 {[%clk 01:06:39]} {[%emt 00:07:18]} Nf5 {[%clk 01:04:12]}
{[%emt 00:14:52]} 13. Bf2 {[%clk 01:06:54]} {[%emt 00:00:14]} Bxf3 {[%clk
01:01:39]} {[%emt 00:03:03]} 14. Bxf3 {[%clk 01:07:15]} {[%emt 00:00:08]} h5
{[%clk 01:02:03]} {[%emt 00:00:06]} 15. g3 {[%clk 01:02:58]} {[%emt 00:04:47]}
Bf8 {[%clk 00:55:16]} {[%emt 00:07:17]} 16. Qb3 {[%clk 00:57:36]} {[%emt
00:05:53]} Be7 {[%clk 00:45:13]} {[%emt 00:10:33]} 17. c4 {[%emt 00:11:07]} Nb6
{[%emt 00:13:47]} 18. Nxb6 {[%emt 00:01:53]} Qxb6 {[%emt 00:01:55]} 19. c5
{[%clk 00:42:04]} Qc7 {[%clk 00:33:30]} {[%emt 00:01:31]} 20. b5 {[%clk
00:37:28]} {[%emt 00:05:07]} b6 {[%clk 00:30:00]} {[%emt 00:04:01]} 21. cxb6
{[%clk 00:30:55]} {[%emt 00:07:03]} axb6 {[%clk 00:25:41]} {[%emt 00:04:49]} 22.
a4 {[%clk 00:24:11]} {[%emt 00:07:13]} cxb5 {[%clk 00:19:32]} {[%emt 00:06:39]}
23. Qxb5+ {[%clk 00:20:57]} {[%emt 00:03:44]} Qd7 {[%clk 00:19:23]} {[%emt
00:00:39]} 24. Be2 {[%clk 00:20:08]} {[%emt 00:01:19]} Qxb5 {[%clk 00:15:07]}
{[%emt 00:04:46]} 25. Bxb5+ {[%clk 00:20:27]} {[%emt 00:00:11]} Kf8 {[%clk
00:14:21]} {[%emt 00:01:17]} 26. Rfc1 {[%clk 00:18:38]} {[%emt 00:02:19]} Kg7
{[%clk 00:13:30]} {[%emt 00:01:20]} 27. Rc7 {[%clk 00:17:50]} {[%emt 00:01:18]}
Rhc8 {[%clk 00:08:05]} {[%emt 00:05:56]} 28. Rac1 {[%clk 00:18:04]} {[%emt
00:00:15]} Rxc7 {[%clk 00:07:49]} {[%emt 00:00:47]} 29. Rxc7 {[%clk 00:18:27]}
{[%emt 00:00:06]} Ba3 {[%clk 00:08:14]} {[%emt 00:00:05]} 30. Rc2 {[%clk
00:14:20]} {[%emt 00:04:37]} Ne7 {[%clk 00:05:58]} {[%emt 00:02:46]} 31. Bd7
{[%clk 00:08:21]} {[%emt 00:06:29]} Ra7 {[%clk 00:05:50]} {[%emt 00:00:37]} 32.
Bb5 {[%clk 00:08:43]} {[%emt 00:00:09]} Ra8 {[%clk 00:06:09]} {[%emt 00:00:12]}
33. Rc7 {[%clk 00:04:05]} {[%emt 00:05:08]} Nf5 {[%clk 00:05:04]} {[%emt
00:01:34]} 34. Bd7 {[%clk 00:02:53]} {[%emt 00:01:42]} Kf8 {[%clk 00:03:42]}
{[%emt 00:01:52]} 35. Rc2 {[%clk 00:03:14]} {[%emt 00:00:09]} Rd8 {[%clk
00:01:57]} {[%emt 00:02:15]} 36. Bb5 {[%clk 00:03:22]} {[%emt 00:00:22]} Ne7
{[%clk 00:01:40]} {[%emt 00:00:48]} 37. Kf1 {[%clk 00:02:26]} {[%emt 00:01:26]}
Rc8 {[%clk 00:01:27]} {[%emt 00:00:44]} 38. Rxc8+ {[%clk 00:01:50]} {[%emt
00:01:06]} Nxc8 {[%clk 00:01:54]} {[%emt 00:00:03]} 39. Ke2 {[%clk 00:01:34]}
{[%emt 00:00:46]} Na7 {[%clk 00:01:26]} {[%emt 00:00:58]} 40. h3 {[%clk
00:01:03]} {[%emt 00:01:01]} Nxb5 {[%clk 00:01:04]} {[%emt 00:00:52]} 41. axb5
{[%clk 00:01:28]} {[%emt 00:00:05]} 1/2-1/2

[Event "21th Rochefort Chess Festival - Masters"]
[Site "Rochefort, France"]
[Date "2023.02.17"]
[Round "9.2"]
[White "Maksimenko, Andrei"]
[Black "Harsha Bharathakoti"]
[Result "0-1"]
[TimeControl "1h30 + [30'']"]
[WhiteElo "2426"]
[BlackElo "2599"]

1. d4 {[%clk 01:30:57]} {[%emt 00:00:02]} g6 {[%clk 01:30:40]} {[%emt
00:00:21]} 2. c4 {[%clk 01:30:36]} {[%emt 00:00:51]} Bg7 {[%clk 01:31:05]}
{[%emt 00:00:05]} 3. Nc3 {[%clk 01:30:20]} {[%emt 00:00:46]} d6 {[%clk
01:31:13]} {[%emt 00:00:22]} 4. e4 {[%clk 01:30:40]} {[%emt 00:00:09]} e5
{[%clk 01:31:17]} {[%emt 00:00:27]} 5. Nf3 {[%clk 01:30:52]} {[%emt 00:00:19]}
Bg4 {[%clk 01:31:08]} {[%emt 00:00:39]} 6. d5 {[%clk 01:30:23]} {[%emt
00:00:59]} Nd7 {[%clk 01:30:45]} {[%emt 00:00:52]} 7. h3 {[%clk 01:11:42]}
{[%emt 00:19:10]} Bxf3 {[%clk 01:31:07]} {[%emt 00:00:09]} 8. Qxf3 {[%clk
01:12:11]} {[%emt 00:00:01]} h5 {[%clk 01:30:19]} {[%emt 00:01:18]} 9. h4
{[%clk 01:11:18]} {[%emt 00:01:23]} Bh6 {[%clk 01:30:20]} {[%emt 00:00:30]} 10.
g3 {[%clk 01:00:02]} {[%emt 00:11:45]} Kf8 {[%clk 01:22:22]} {[%emt 00:08:28]}
11. Bh3 {[%clk 00:57:23]} {[%emt 00:03:09]} Kg7 {[%clk 01:22:01]} {[%emt
00:00:52]} 12. Bxh6+ {[%clk 00:42:15]} {[%emt 00:15:38]} Nxh6 {[%clk 01:22:17]}
{[%emt 00:00:13]} 13. Qe3 {[%clk 00:41:28]} {[%emt 00:01:17]} Qe7 {[%clk
01:14:32]} {[%emt 00:08:15]} 14. Qg5 {[%clk 00:30:22]} {[%emt 00:11:36]} Rhe8
{[%clk 00:58:40]} {[%emt 00:16:22]} 15. O-O-O {[%clk 00:26:36]} {[%emt
00:04:15]} a6 {[%clk 00:47:55]} {[%emt 00:11:16]} 16. Kb1 {[%clk 00:25:14]}
{[%emt 00:01:52]} Rab8 {[%clk 00:42:23]} {[%emt 00:06:02]} 17. f3 {[%clk
00:22:31]} {[%emt 00:03:13]} Nf6 {[%clk 00:35:32]} {[%emt 00:07:22]} 18. Qe3
{[%clk 00:17:01]} {[%emt 00:06:00]} c5 {[%clk 00:31:43]} {[%emt 00:04:18]} 19.
Rdg1 {[%clk 00:14:27]} {[%emt 00:03:04]} b5 {[%clk 00:27:07]} {[%emt 00:05:06]}
20. g4 {[%clk 00:14:29]} {[%emt 00:00:27]} Nhg8 {[%clk 00:27:35]} {[%emt
00:00:03]} 21. Bf1 {[%clk 00:13:57]} {[%emt 00:01:02]} bxc4 {[%clk 00:27:04]}
{[%emt 00:01:01]} 22. Bxc4 {[%clk 00:13:13]} {[%emt 00:01:13]} Rb4 {[%clk
00:26:41]} {[%emt 00:00:54]} 23. Qd3 {[%clk 00:09:16]} {[%emt 00:04:27]} Reb8
{[%clk 00:26:23]} {[%emt 00:00:47]} 24. b3 {[%clk 00:07:52]} {[%emt 00:01:55]}
Qc7 {[%clk 00:13:15]} {[%emt 00:13:38]} 25. Ka1 {[%clk 00:05:50]} {[%emt
00:02:31]} Qa5 {[%clk 00:12:45]} {[%emt 00:01:00]} 26. Nb1 {[%clk 00:04:48]}
{[%emt 00:01:32]} Ne7 {[%clk 00:09:56]} {[%emt 00:03:18]} 27. Rh2 {[%clk
00:03:36]} {[%emt 00:01:42]} Qc7 {[%clk 00:09:11]} {[%emt 00:01:15]} 28. g5
{[%clk 00:03:18]} {[%emt 00:00:47]} Nd7 {[%clk 00:09:17]} {[%emt 00:00:23]} 29.
Bxa6 {[%clk 00:03:16]} {[%emt 00:00:35]} c4 {[%clk 00:06:29]} {[%emt 00:03:18]}
30. Bxc4 {[%clk 00:03:31]} {[%emt 00:00:14]} Nc5 {[%clk 00:06:56]} {[%emt
00:00:03]} 31. Qd1 {[%clk 00:02:57]} {[%emt 00:01:05]} Qa7 {[%clk 00:05:49]}
{[%emt 00:01:37]} 32. Rb2 {[%clk 00:02:19]} {[%emt 00:01:07]} Nc8 {[%clk
00:05:02]} {[%emt 00:01:17]} 33. Rgg2 {[%clk 00:02:04]} {[%emt 00:00:44]} Nb6
{[%clk 00:05:04]} {[%emt 00:00:29]} 34. Bf1 {[%clk 00:01:51]} {[%emt 00:00:43]}
Nxd5 {[%clk 00:04:11]} {[%emt 00:01:23]} 35. Qxd5 {[%clk 00:00:51]} {[%emt
00:01:30]} Rd4 {[%clk 00:01:52]} {[%emt 00:02:49]} 36. Qc6 {[%clk 00:00:35]}
{[%emt 00:00:46]} Nxb3+ {[%clk 00:02:20]} {[%emt 00:00:03]} 37. Rxb3 {[%clk
00:01:01]} {[%emt 00:00:04]} Rxb3 {[%clk 00:02:47]} {[%emt 00:00:03]} 38. Bc4
{[%clk 00:00:49]} {[%emt 00:00:41]} Rb6 {[%clk 00:01:37]} {[%emt 00:01:40]} 39.
Qc8 {[%clk 00:01:07]} {[%emt 00:00:12]} Rb8 {[%clk 00:00:44]} {[%emt 00:01:24]}
40. Qc6 {[%clk 00:01:28]} {[%emt 00:00:08]} Rb6 {[%clk 00:00:32]} {[%emt
00:00:42]} 41. Qc8 {[%clk 00:01:52]} {[%emt 00:00:06]} Rd1 {[%clk 00:27:53]}
{[%emt 00:03:09]} 0-1

[Event "21th Rochefort Chess Festival - Masters"]
[Site "Rochefort, France"]
[Date "2023.02.17"]
[Round "9.1"]
[White "Ghosh, Diptayan"]
[Black "Nikolov, Momchil"]
[Result "0-1"]
[TimeControl "1h30 + [30'']"]
[WhiteElo "2553"]
[BlackElo "2480"]

1. Nf3 {[%clk 01:24:52]} {[%emt 00:06:07]} Nf6 {[%clk 01:29:37]} {[%emt
00:01:23]} 2. c4 {[%clk 01:25:11]} {[%emt 00:00:11]} c5 {[%clk 01:29:39]}
{[%emt 00:00:28]} 3. Nc3 {[%clk 01:25:25]} {[%emt 00:00:16]} d5 {[%clk
01:30:01]} {[%emt 00:00:08]} 4. cxd5 {[%clk 01:25:51]} {[%emt 00:00:04]} Nxd5
{[%clk 01:30:25]} {[%emt 00:00:06]} 5. e4 {[%clk 01:26:07]} {[%emt 00:00:15]}
Nb4 {[%clk 01:29:25]} {[%emt 00:01:30]} 6. Bc4 {[%clk 01:26:29]} {[%emt
00:00:07]} Be6 {[%clk 01:23:49]} {[%emt 00:06:06]} 7. Bxe6 {[%clk 01:17:09]}
{[%emt 00:09:50]} Nd3+ {[%clk 01:23:59]} {[%emt 00:00:20]} 8. Kf1 {[%clk
01:15:57]} {[%emt 00:01:43]} fxe6 {[%clk 01:24:20]} {[%emt 00:00:08]} 9. Qb3
{[%clk 01:13:56]} {[%emt 00:02:31]} Qd7 {[%clk 01:20:54]} {[%emt 00:03:56]} 10.
Ng5 {[%clk 01:05:10]} {[%emt 00:09:16]} Nc6 {[%clk 01:16:38]} {[%emt 00:04:45]}
11. Nxe6 {[%clk 00:58:24]} {[%emt 00:07:17]} Nd4 {[%clk 01:03:37]} {[%emt
00:13:31]} 12. Nxd4 {[%clk 00:57:45]} {[%emt 00:01:09]} Qxd4 {[%clk 01:03:42]}
{[%emt 00:00:25]} 13. Qa4+ {[%clk 00:57:13]} {[%emt 00:01:03]} Qxa4 {[%clk
01:02:56]} {[%emt 00:01:15]} 14. Nxa4 {[%clk 00:57:38]} {[%emt 00:00:05]} O-O-O
{[%clk 01:02:35]} {[%emt 00:00:50]} 15. b3 {[%clk 00:50:06]} {[%emt 00:08:03]}
g5 {[%clk 00:50:22]} {[%emt 00:12:42]} 16. Nb2 {[%clk 00:45:31]} {[%emt
00:05:05]} Nxc1 {[%clk 00:37:20]} {[%emt 00:13:32]} 17. Rxc1 {[%clk 00:45:57]}
{[%emt 00:00:04]} Rxd2 {[%clk 00:37:33]} {[%emt 00:00:16]} 18. Na4 {[%clk
00:32:49]} {[%emt 00:13:39]} b6 {[%clk 00:36:50]} {[%emt 00:01:13]} 19. b4
{[%clk 00:32:34]} {[%emt 00:00:45]} Bg7 {[%clk 00:35:30]} {[%emt 00:01:50]} 20.
a3 {[%clk 00:28:43]} {[%emt 00:04:22]} Rf8 {[%clk 00:23:18]} {[%emt 00:12:41]}
21. f3 {[%clk 00:28:27]} {[%emt 00:00:46]} g4 {[%clk 00:23:16]} {[%emt
00:00:32]} 22. Ke1 {[%clk 00:27:51]} {[%emt 00:01:06]} Ra2 {[%clk 00:20:17]}
{[%emt 00:03:29]} 0-1

[Event "21th Rochefort Chess Festival - Masters"]
[Site "Palais des Congrès Rochefort"]
[Date "2023.02.11"]
[Round "1.36"]
[White "Budak, Rezan"]
[Black "Deshpande, Aniruddha"]
[Result "0-1"]
[WhiteElo "1958"]
[BlackElo "2204"]
[PlyCount "92"]
[EventDate "2023.??.??"]
[WhiteTeam "LEC Echiquier Limousin"]

1. e4 c5 2. Nc3 a6 3. a4 g6 4. Nge2 Bg7 5. Nf4 Nc6 6. Bc4 e6 7. d3 Nge7 8. h4
h6 9. Bd2 b6 10. Rb1 Bb7 11. O-O Ne5 12. Ba2 N7c6 13. g3 Nd4 14. f3 Rc8 15. Be3
Qc7 16. Kg2 f5 17. Nh3 O-O 18. Bf4 b5 19. Ne2 Ndxf3 20. Rxf3 fxe4 21. dxe4 Bxe4
22. Neg1 Qc6 23. Bxe5 Bxe5 24. Nf2 Bxf3+ 25. Nxf3 Rf5 26. Ng4 Bg7 27. Qe2 Rcf8
28. Rf1 h5 29. Ngh2 d5 30. c3 e5 31. axb5 axb5 32. Bb1 e4 33. Ng5 Bh6 34. Nh3
c4 35. g4 Rxf1 36. Nxf1 hxg4 37. Qxg4 Qf6 38. Nh2 Qf5 39. Qg3 Kh8 40. Qe1 Bf4
41. Bc2 b4 42. b3 Bxh2 43. Kxh2 Qe5+ 44. Kg2 Qxc3 45. Qxc3+ bxc3 46. bxc4 Rb8
0-1

[Event "21th Rochefort Chess Festival - Masters"]
[Site "Palais des Congrès Rochefort"]
[Date "2023.02.12"]
[Round "3.28"]
[White "Rodriguez, Augustin"]
[Black "Deshpande, Aniruddha"]
[Result "0-1"]
[WhiteElo "1996"]
[BlackElo "2204"]
[PlyCount "56"]
[EventDate "2023.??.??"]
[WhiteTeam "AGJA-Echiquier Aquitaine"]

1. e4 c5 2. Nf3 g6 3. d4 cxd4 4. Qxd4 Nf6 5. e5 Nc6 6. Qa4 Nd5 7. Qe4 Nb6 8.
Nc3 d5 9. exd6 Bf5 10. Qe2 Qxd6 11. Nb5 Qb8 12. g3 Bg7 13. c3 O-O 14. Be3 e5
15. O-O-O Rd8 16. Bg2 Nd5 17. Bg5 f6 18. Bd2 a6 19. Na3 Qc7 20. Nh4 Nd4 21. Qe1
Be6 22. Kb1 Nb5 23. Nc2 Nb6 24. f4 Qf7 25. Qf2 Bxa2+ 26. Kc1 Na4 27. fxe5 Qb3
28. Rde1 Qxb2+ 0-1